Normal view
MARC view
- LEADERSHIP.MANAGEMENT.WORK ENVORONMENT.SUCCESS IN BUSINESS
Entry Topical Term
001 - CONTROL NUMBER
- control field: 65773
003 - CONTROL NUMBER IDENTIFIER
- control field: NUST
005 - DATE AND TIME OF LATEST TRANSACTION
- control field: 20210628203504.0
008 - FIXED-LENGTH DATA ELEMENTS
- fixed length control field: 210628|| aca||aabn | a|a d
040 ## - CATALOGING SOURCE
- Original cataloging agency: NUST
- Transcribing agency: NUST
150 ## - HEADING--TOPICAL TERM
- Topical term or geographic name entry element: LEADERSHIP.MANAGEMENT.WORK ENVORONMENT.SUCCESS IN BUSINESS
670 ## - SOURCE DATA FOUND
- Source citation: Work cat.: (NUST): Widmann, Nancy C, Eisenman, Elane J, Kopelan, Amy Dorn 65772, I didn't see it coming, the only book you'ii ever need to avoid being blindsided in business, 2007
